000 00924 a2200241 4500
005 20080829123836.0
008 080908t xxu||||| |||| 00| 0 eng d
010 _aENG-90974
020 _a9788178803661
_c700.00
035 _aEN-74507
037 _bDBAD / PUB
040 _adpl
_bEnglish
082 _a370.954
100 _aBandyopadhyay, Bimal Kumar
245 _aGlobal literacy challenges /
_cby Bimal Kumar Bandyopadhyay
260 _aNew Delhi
_bRajat Publications
_c2008
300 _avi, 286 p.
_c22 cm. (Hb)
500 _aIncludes bibliographical references and index
650 _aEducation
_zIndia
270 _a4675/21, Ansari Raod, Darya Ganj,
_bNew Delhi
_e110002
942 _adpl
_cEN
_2ddc
_mBAN
_h370.954
999 _c15401
_d15401